| 000 | 01968nam0a2200433 4500 | ||
|---|---|---|---|
| 001 | RU\NLR\bibl\345780 | ||
| 005 | 20250621152356.0 | ||
| 010 |
_a5-17-014782-1 _93000 |
||
| 021 |
_aRU _b2002-46129 _92233 |
||
| 035 | _a(NLR Aleph) 000340601 | ||
| 090 |
_a214037 _c214037 |
||
| 100 | _a20021203d2002 |||y0rusy50 ca | ||
| 101 | 0 | _arus | |
| 102 | _aRU | ||
| 105 | _aa ||||||||| | ||
| 200 | 1 |
_aЗори над Русью _eИст. роман _e[О Дмитрии Донском _eВ помощь обучению студентов гуманитар. вузов] _fМихаил Рапов _g[Худож. А. Я. Ломаев] |
|
| 210 |
_aМ. _cАСТ _cАстрель _d2002 |
||
| 215 |
_a603, [2] с. _cил. _d21 |
||
| 225 | 1 | _aЗолотая библиотека исторического романа | |
| 225 | 1 | _aРусские полководцы | |
| 300 | _aНа обл. только загл. сер. | ||
| 600 | 0 |
_aДимитрий Донской _f1350 - 1389 _xв художественной литературе _92112759 _3RU\NLR\auth\661276677 |
|
| 600 | 0 |
_aДимитрий Донской _cвеликий князь московский и владимирский _f1350 - 1389 _xв художественной литературе _92564324 _3RU\NLR\AUTH\661516733 |
|
| 610 | 0 | _aМонголо-татарское иго на Руси (х. л.) | |
| 610 | 0 | _aКуликовская битва 1380 гг. (х. л.) | |
| 610 | 0 | _aИсторические романы и рассказы (х. л.) | |
| 675 |
_a821.161.1-31Рапов _v3 _zrus |
||
| 686 |
_a17.82 _2rugasnti |
||
| 686 |
_a84(2Рос-Рус)6-44 _2rubbk |
||
| 686 | _aШ6(2=Р)75-442 | ||
| 700 | 1 |
_aРапов _bМ. А. _gМихаил Александрович _4070 |
|
| 801 | 0 |
_aRU _bRKP _c20021203 _gPSBO |
|
| 801 | 1 |
_aRU _bRKP _c20021203 |
|
| 801 | 2 |
_aRU _bNLR _c20030113 _grcr |
|
| 942 | _cBOOK | ||
| 980 | _aNB | ||